Návrh komunikačnej kampane vybranej spoločnosti diplomová práca

Saved in:
Bibliographic Details
Main Author: Kramárová, Miroslava
Corporate Author: Obchodná fakulta EU. Katedra marketingu
Other Authors: Paholková, Barbora
Format: Book
Language:Slovak
Published: Bratislava 2018
Tags: Add Tag
No Tags, Be the first to tag this record!

MARC

LEADER 00000nbm a2200000 4500
001 0243330
005 20180817112220.8
041 0 |a slo 
044 |a SK 
245 1 0 |a Návrh komunikačnej kampane vybranej spoločnosti  |b diplomová práca  |c Miroslava Kramárová ; školiteľ: Barbora Paholková 
264 1 |a Bratislava  |c 2018 
300 |a 77 s. 
100 1 |a Kramárová, Miroslava 
700 1 |a Paholková, Barbora 
710 2 |a Obchodná fakulta EU. Katedra marketingu